| 000 | 00427cam a2200181ua 4500 | ||
|---|---|---|---|
| 020 | _c4.00 | ||
| 041 |
_ahin _h |
||
| 082 |
_a891.43 _bKER/JO |
||
| 100 | _aKleres, D . | ||
| 245 |
_aJo kahen papa jo kare papa / _cD Kleres. _hTextual Documents |
||
| 250 |
_a2 / _b. |
||
| 260 |
_aDelhi : _bRajkamal Prakashan , _c1953. |
||
| 300 | _a204 ; . | ||
| 365 | _a4.00 | ||
| 504 | _a | ||
| 942 | _cBK | ||
| 999 |
_c12718 _d12718 |
||